000
00296nam a2200133Ia 4500
008
231017s9999 xx 000 0 und d
082
_a
625.84
082
_b
STA
245
0
_a
Standard Practice for Pavement - Aug 1987
245
0
_c
NCHRP
260
_b
NCHRP
300
_c
30cm
942
_c
REP
999
_c
604879
_d
604879